000 00971cam a2200289 4500
999 _c26565
_d26565
001 3143727
005 20170204154733.0
008 740305s1974 nmua 000 0 eng
010 _a 73091766
020 _a0826303188
050 0 0 _aNA730 .N38L39 1996
100 1 _aLaZar, Arthur.
245 1 0 _aOf earth and timbers made;
_bNew Mexico architecture
_c[Text by] Bainbridge Bunting. Photos. by Arthur LaZar.
250 _a[1st ed.]
260 _aAlbuquerque,
_bUniversity of New Mexico Press
_c[1974]
300 _avii, 85 p.
_billus.
_c28 cm.
350 _a$6.95
650 0 _aArchitecture
_zNew Mexico.
650 0 _aDecoration and ornament, Architectural
_zNew Mexico.
700 1 _aBunting, Bainbridge.
942 _2lcc
_cBOOKS